|
|
|
|
| LEADER |
00610cam a2200169 7i4500 |
| 001 |
0000001611 |
| 005 |
20171026090000.0 |
| 020 |
|
|
|a 8175151730 (pbk.)
|
| 090 |
0 |
0 |
|a TK7881.15
|b .R35 2002
|
| 100 |
1 |
|
|a Rai, Harish C
|
| 245 |
1 |
2 |
|a A text book on power electronics :
|b devices, circuits, systems and applications
|c Harish C. Rai.
|
| 250 |
|
|
|a 3rd ed.
|
| 260 |
|
|
|a New Delhi:
|b Galgotia Pub. Pvt. Ltd.,
|c 2002.
|
| 300 |
|
|
|a xx, 690 p.:
|b ill.;
|c 24 cm.
|
| 650 |
0 |
0 |
|a Power electronics
|
| 997 |
|
|
|a Engineering & Life Sciences, Faculty
|b Engineering, Department
|
| 999 |
|
|
|a 0000001780
|b BOK
|c OPEN SHELF
|e 1st Floor, Bestari Jaya
|